| 000 | 00687nam a2200205 i 4500 | ||
|---|---|---|---|
| 001 | 95018 | ||
| 003 | ES-MaACL | ||
| 005 | 20251120144415.0 | ||
| 007 | t| | ||
| 008 | 050519s1982 sp ||||1| spa d | ||
| 100 | 1 |
_aLugones, Leopoldo. _974663 |
|
| 245 | 1 | 0 |
_aAntología poética / _cLeopoldo Lugones; selección e introducción de Jorge Luis Borges. |
| 260 |
_aMadrid : _bAlianza, _c1982. |
||
| 300 |
_a152 p. ; _c18 cm. |
||
| 490 | 1 |
_aEl libro de bolsillo. Sección literatura ; _v885 |
|
| 700 | 1 |
_aBorges, Jorge Luis, _d1899-1986 _9242526 |
|
| 830 | 0 | 3 |
_aEl libro de bolsillo. _pLiteratura _v885 _9180913 |
| 852 |
_aES-MaACL _jL-2991 _bR.103351 |
||
| 999 |
_c95018 _d95018 |
||